Thực hành cơ khí gia công nguội 1 Giáo trình dùng cho sinh viên các trường cao đẳng sư phạm

Đã lưu trong:
書目詳細資料
主要作者: Nguyễn Văn Vận
格式: 圖書
出版: H. Giáo dục 2000
主題:
標簽: 添加標簽
沒有標簽, 成為第一個標記此記錄!
Thư viện lưu trữ: Trung tâm Học liệu Lê Vũ Hùng, Trường Đại học Đồng Tháp
LEADER 01009pam a22002418a 4500
001 00022365
005 20171026081022.0
008 110530s2000 ||||||Viesd
041 0 # |a Vie 
082 1 4 |a 671.307 8  |b TH552H 
100 0 # |a Nguyễn Văn Vận 
245 0 0 |c Nguyễn Văn Vận  |a Thực hành cơ khí gia công nguội 1  |b Giáo trình dùng cho sinh viên các trường cao đẳng sư phạm 
260 # # |a H.  |b Giáo dục  |c 2000 
300 # # |a 148 tr.  |c 27 cm. 
653 # # |a Cơ khí 
653 # # |a Thực hành 
653 # # |a Gia công nguội 
852 # # |b Kho giáo trình  |j KGT.0010073, KGT.0010074, KGT.0010075, KGT.0010076, KGT.0010077, KGT.0010078 
852 # # |b Kho mượn  |j KGT.0010073 
852 # # |j KD.0009072  |j KGT.0010074  |j KGT.0010075  |j KGT.0010076  |j KGT.0010078  |j KGT.0010073  |j KGT.0010077 
852 # # |b Kho đọc  |j KD.0009072 
910 0 # |a Đức  |d 30/05/2011 
980 # # |a Trung tâm Học liệu Lê Vũ Hùng, Trường Đại học Đồng Tháp